Modlitba pro Kateřinu Horovitzovou /

Dramaticky vypjatá novela o tragickém osudu židovské dívky, která povýšila pomstu za své soukmenovce na smysl své existence.

Uloženo v:
Hlavní autor: Lustig, Arnošt, 1926-2011 (Autor)
Médium: E-kniha
Jazyk:Czech
Vydáno: Praha : Městská knihovna v Praze, 2026
Vydání:V MKP 1. elektronické vydání
Témata:
On-line přístup:Odkaz na plný text
Plný text
Plný text
Plný text
Obálka
Tagy:
Žádné tagy
LEADER 02989nam a2200505 i 4500
001 5230812
003 CZ-PrMKP
005 20260422130142.3
007 ta
008 260415s2026----xr-----go-----000-f-cze--
020 |a 978-80-274-4993-4  |q (online ;  |q pdf) 
020 |a 978-80-274-4992-7  |q (online ;  |q epub) 
020 |a 978-80-274-4994-1  |q (online ;  |q prc) 
040 |a ABG001  |b cze  |e rda 
045 |a x3x4 
072 7 |a 821.162.3-3  |x Česká próza  |2 Konspekt  |9 25 
080 |a 821.162.3-32  |2 MRF 
080 |a (=411.16)  |2 MRF 
080 |a 323.28  |2 MRF 
080 |a 323.12"1939/1945"  |2 MRF 
080 |a (0:82-32)  |2 MRF 
100 1 |a Lustig, Arnošt,  |d 1926-2011  |7 jk01072683  |4 aut 
245 1 0 |a Modlitba pro Kateřinu Horovitzovou /  |c Arnošt Lustig 
250 |a V MKP 1. elektronické vydání 
264 1 |a Praha :  |b Městská knihovna v Praze,  |c 2026 
300 |a 1 online zdroj (137 stran) ; 
336 |a text  |b txt  |2 rdacontent 
337 |a počítač  |b c  |2 rdamedia 
338 |a online zdroj  |b cr  |2 rdacarrier 
500 |a Jubilejní edice k 100. výročí narození Arnošta Lustiga 
520 2 |a Dramaticky vypjatá novela o tragickém osudu židovské dívky, která povýšila pomstu za své soukmenovce na smysl své existence.  |b Lustig ve své sugestivní novele zpracovává motiv sadistické léčky, s jejíž pomocí se nacističtí pohlaváři pokusili získat majetek od skupiny zajatých bohatých židovských obchodníků. V druhé rovině novely pak vypráví vlastní příběh hrdinky, dívky, která se na prahu smrti vzepře ponižování své lidské důstojnosti a dokáže v sobě zmobilizovat sílu, schopnou překonat strach i přirozený pud sebezáchovy. Edice Lustigových děl v elektronické podobě vznikla ve spolupráci s Prahou městem literatury v rámci projektu Nadačního fondu Arnošta Lustiga s názvem FestivAL100, jímž se oslavilo 100. výročí spisovatelova narození. Ke zpracování bylo zvoleno vždy poslední knižní vydání za autorova života, kde provedl definitivní úpravy textu. 
648 7 |a 1939-1945  |7 ch460653  |2 czenas 
650 0 7 |a Židé  |7 ph127782  |x perzekuce  |y 1939-1945  |2 czenas 
650 0 7 |a holocaust (1939-1945)  |7 ph117203  |2 czenas 
650 0 9 |a Jews  |x persecutions  |y 1939-1945  |2 eczenas 
650 0 9 |a holocaust, 1939-1945  |2 eczenas 
655 7 |a české novely  |7 fd133969  |2 czenas 
655 9 |a Czech novellas  |2 eczenas 
710 2 |a Městská knihovna (Praha, Česko)  |7 kn20010709068  |4 pbl 
856 4 1 |u http://search.mlp.cz/searchMKP.jsp?action=sTitul&key=5230812  |y Odkaz na plný text 
856 4 1 |q epub  |u https://web2.mlp.cz/koweb/00/05/23/08/12/modlitba_pro_katerinu_horovitzovou.epub  |y Plný text 
856 4 1 |q pdf  |u https://web2.mlp.cz/koweb/00/05/23/08/12/modlitba_pro_katerinu_horovitzovou.pdf  |y Plný text 
856 4 1 |q prc  |u https://web2.mlp.cz/koweb/00/05/23/08/12/modlitba_pro_katerinu_horovitzovou.prc  |y Plný text 
856 4 1 |u https://web2.mlp.cz/koweb/00/05/23/08/12.jpg  |y Obálka 
910 |a ABG001